000 00720nam a2200205Ii 4500
003 JO-AjNU
008 230605s9999||||xx |||||||||||||| ||und||
040 _aJO-AjNU
_bara
_erda
_cJO-AjNU
041 _aara
050 1 4 _aLB17 .A2277 1986
100 3 _aعبدالله،عبد الرحمن صالح,
_eauthor
_918575
245 0 0 _aالتربية العملية أهدافها ومبادئها
250 _aط1
264 3 1 _aعمان:دار العدوي،1986/مكة المكرمة:مكتبة الطالب الجامعي،1986
300 _a127ص
336 _atext
_btxt
_2rdacontent
337 _aunmediated
_bn
_2rdamedia
338 _avolume
_bnc
_2rdacarrier
650 4 _a التربية و التعليم
_918576
999 _aA5967
_c9535
_d9535